<?xml version="1.0" encoding="UTF-8"?>
<record
    xmlns:xsi="http://www.w3.org/2001/XMLSchema-instance"
    xsi:schemaLocation="http://www.loc.gov/MARC21/slim http://www.loc.gov/standards/marcxml/schema/MARC21slim.xsd"
    xmlns="http://www.loc.gov/MARC21/slim">

  <leader>00774nam a2200265 a 4500</leader>
  <controlfield tag="001">00011364</controlfield>
  <controlfield tag="005">20251029192215.0</controlfield>
  <controlfield tag="008">110328s2004    njua   g      000 0 eng d</controlfield>
  <datafield tag="020" ind1=" " ind2=" ">
    <subfield code="a">047126508X :</subfield>
    <subfield code="c">TK8645.00</subfield>
  </datafield>
  <datafield tag="040" ind1=" " ind2=" ">
    <subfield code="a">BD-DhIUB</subfield>
    <subfield code="c">BD-DhIUB</subfield>
  </datafield>
  <datafield tag="082" ind1="0" ind2="4">
    <subfield code="a">615.9</subfield>
    <subfield code="2">19</subfield>
  </datafield>
  <datafield tag="100" ind1="1" ind2=" ">
    <subfield code="a">Hodgson, Ernest (editor)</subfield>
  </datafield>
  <datafield tag="245" ind1="0" ind2="0">
    <subfield code="a">A Textbook of Modern Toxicology  /</subfield>
    <subfield code="c">Ernest (editor) Hodgson </subfield>
  </datafield>
  <datafield tag="250" ind1=" " ind2=" ">
    <subfield code="a">1st ed.</subfield>
  </datafield>
  <datafield tag="260" ind1=" " ind2=" ">
    <subfield code="a">New Jersey :</subfield>
    <subfield code="b">John Wiley and Sons, Inc,</subfield>
    <subfield code="c">2004.</subfield>
  </datafield>
  <datafield tag="300" ind1=" " ind2=" ">
    <subfield code="a">xxi, 557p.  :</subfield>
    <subfield code="b">illus ;</subfield>
    <subfield code="c">26cm</subfield>
  </datafield>
  <datafield tag="520" ind1="0" ind2=" ">
    <subfield code="a">Environment Management</subfield>
  </datafield>
  <datafield tag="556" ind1=" " ind2=" ">
    <subfield code="a">2006\07\16</subfield>
  </datafield>
  <datafield tag="650" ind1="1" ind2="7">
    <subfield code="a">Toxicology</subfield>
    <subfield code="2">Spines</subfield>
  </datafield>
  <datafield tag="650" ind1="1" ind2="7">
    <subfield code="a">Toxins</subfield>
    <subfield code="2">Spines</subfield>
  </datafield>
  <datafield tag="650" ind1="1" ind2="7">
    <subfield code="a">Pollutants</subfield>
    <subfield code="2">Spines</subfield>
  </datafield>
  <datafield tag="650" ind1="1" ind2="7">
    <subfield code="a">Health Hazards</subfield>
    <subfield code="2">Spines</subfield>
  </datafield>
  <datafield tag="999" ind1=" " ind2=" ">
    <subfield code="c">518</subfield>
    <subfield code="d">518</subfield>
  </datafield>
  <datafield tag="526" ind1=" " ind2=" ">
    <subfield code="b">phr</subfield>
  </datafield>
  <datafield tag="952" ind1=" " ind2=" ">
    <subfield code="0">0</subfield>
    <subfield code="1">0</subfield>
    <subfield code="2">ddc</subfield>
    <subfield code="4">0</subfield>
    <subfield code="7">1</subfield>
    <subfield code="a">IUBL</subfield>
    <subfield code="b">IUBL</subfield>
    <subfield code="c">REF</subfield>
    <subfield code="d">2011-04-21</subfield>
    <subfield code="e">Riza Enterprise</subfield>
    <subfield code="g">0.00</subfield>
    <subfield code="l">0</subfield>
    <subfield code="o">615.9 T355</subfield>
    <subfield code="p">017178 </subfield>
    <subfield code="r">2011-05-11 00:00:00</subfield>
    <subfield code="t">1</subfield>
    <subfield code="w">2011-05-11</subfield>
    <subfield code="y">BK</subfield>
  </datafield>
</record>
